Central Library OPAC University of Rajshahi

The decision to drop the bomb / (Record no. 23573)

MARC details
000 -LEADER
fixed length control field 00854cam a22002771 4500
001 - CONTROL NUMBER
control field 23573
003 - CONTROL NUMBER IDENTIFIER
rucl marc code BD-RjUL
005 - DATE AND TIME OF LATEST TRANSACTION
control field 20211209000939.0
008 - FIXED-LENGTH DATA ELEMENTS--GENERAL INFORMATION
fixed length control field 140311s1965 enkac b 001 0 eng
035 ## - SYSTEM CONTROL NUMBER
System control number (BD-RjUL)23638
System control number (OCoLC)569421
040 ## - CATALOGING SOURCE
Original cataloging agency DLC
Transcribing agency ODaWU
Modifying agency OCoLC
-- DLC
-- BD-RjUL
Language of cataloging eng
041 ## - LANGUAGE CODE
Language code of text/sound track or separate title eng
082 00 - DEWEY DECIMAL CLASSIFICATION NUMBER
Classification number 355.033573
Author mark and year GID 1965
100 1# - MAIN ENTRY--PERSONAL NAME
Personal name Giovannitti, Len,
Dates associated with a name 1920-
9 (RLIN) 72567
245 14 - TITLE STATEMENT
Title The decision to drop the bomb /
Statement of responsibility, etc. Len Giovannitti and Fred Freed.
260 ## - PUBLICATION, DISTRIBUTION, ETC. (IMPRINT)
Place of publication, distribution, etc. london :
Name of publisher, distributor, etc. Methuen,
Date of publication, distribution, etc. c1965.
300 ## - PHYSICAL DESCRIPTION
Pagination 348 p. :
Illustrations illus., ports. ;
Size 22 cm.
504 ## - BIBLIOGRAPHY, ETC. NOTE
Bibliography, etc Bibliography: p. [336]-339 and index.
650 #0 - SUBJECT ADDED ENTRY--TOPICAL TERM
Topical term or geographic name as entry element Atomic bomb.
9 (RLIN) 4332
651 #0 - SUBJECT ADDED ENTRY--GEOGRAPHIC NAME
Geographic name United States
General subdivision Military policy.
9 (RLIN) 72568
700 1# - ADDED ENTRY--PERSONAL NAME
Personal name Freed, Fred,
Dates associated with a name 1920-1974,
Relator term joint author.
942 ## - ADDED ENTRY ELEMENTS (KOHA)
Source of classification or shelving scheme Dewey Decimal Classification
Koha item type Books
Holdings
Lost status Source of classification or shelving scheme Damaged status Not for loan Collection code Permanent Location Current Location Shelving location Date acquired Source of acquisition Cost, normal purchase price Total Checkouts Full call number Date last seen Copy number Koha item type
  Dewey Decimal Classification   Added to bundle Non-fiction Central Library, University of Rajshahi Central Library, University of Rajshahi Reading Room 25/07/1972 Book centre 55.00   355.033573 GID 1967 11/03/2014 C-1 Books